00354 a2200133 450000100060000002000160000604000370002210000250005924000510008424500460013530000080018136200090018965000220019874533 a852600248-0 cAnchieta - Colégio São Paulo aCampos, Paulo Mendes10aOs melhores poemas de Paulo Mendes Camposlpor10aOs melhores poemas de Paulo Mendes Campos a2120 a1990 4aPoesia portuguesa